000 00393nam a22001697a 4500
005 20160627152556.0
008 160627b xxu||||| |||| 00| 0 eng d
020 _a981-243-140-3
041 _aeng
082 _b10658
100 _aLawrence, Jennings and Raynolds
_92964
245 _aE-distribution
260 _bThomson
_c2003
300 _a231
650 _aManagement
_9241
942 _cBK
999 _c4289
_d4288